Catálogo
 En Linea

Discurso pronunciado por Dr. Joaquín Balaguer secretario de Estado de Educación y Bellas Artes al inagural el seminario nacional de alfabetizacion el día 16 de diciembre de 1952 en el Auditorium del Liceo de Educación Intermedia Estados Unidos de Norte América de Ciudad Trujillo. (Registro nro. 32890)

Detalles MARC
000 -CABECERA
campo de control de longitud fija 00791nam a2200181 a 4500
001 - NÚMERO DE CONTROL
campo de control 000033399
003 - IDENTIFICADOR DEL NÚMERO DE CONTROL
campo de control DO-SdBNP
005 - FECHA Y HORA DE LA ÚLTIMA TRANSACCIÓN
campo de control 20210630154025.0
008 - DATOS DE LONGITUD FIJA--INFORMACIÓN GENERAL
campo de control de longitud fija 091124s1952 dr c 000 0 spa d
040 ## - FUENTE DE LA CATALOGACIÓN
Centro catalogador/agencia de origen DO-SdBNP
Lengua de catalogación spa
Centro/agencia transcriptor BNPHU
082 ## - NÚMERO DE LA CLASIFICACIÓN DECIMAL DEWEY
Número de clasificación RD865.44
Número de documento/Ítem B171d
110 2# - ENTRADA PRINCIPAL--NOMBRE DE ENTIDAD CORPORATIVA
Nombre de entidad corporativa o nombre de jurisdicción como elemento de entrada República Dominicana.
Unidad subordinada Presidente (1966-1978 : Balaguer)
9 (RLIN) 58966
245 10 - MENCIÓN DE TÍTULO
Título Discurso pronunciado por Dr. Joaquín Balaguer secretario de Estado de Educación y Bellas Artes al inagural el seminario nacional de alfabetizacion el día 16 de diciembre de 1952 en el Auditorium del Liceo de Educación Intermedia Estados Unidos de Norte América de Ciudad Trujillo.
260 ## - PUBLICACIÓN, DISTRIBUCIÓN, ETC.
Lugar de publicación, distribución, etc. Ciudad Trujillo :
Nombre del editor, distribuidor, etc. Impresora Dominicana,
Fecha de publicación, distribución, etc. 1952.
300 ## - DESCRIPCIÓN FÍSICA
Extensión 32 p. ;
Dimensiones 23 cm.
590 ## - NOTA LOCAL (RLIN)
Nota local Inventariado, 2018/LP
942 ## - ELEMENTOS DE PUNTO DE ACCESO ADICIONAL (KOHA)
Fuente del sistema de clasificación o colocación Dewey Decimal Classification
Tipo de ítem Koha Libros y folletos
Existencias
Estado de retiro Estado de pérdida Restricciones de uso No para préstamo Código de colección Localización permanente Ubicación/localización actual Ubicación en estantería Fecha de adquisición Número de inventario Total de préstamos Signatura topográfica completa Código de barras Fecha visto por última vez Precio válido a partir de Tipo de ítem Koha Nota pública
      Excluido de préstamo Raros y valiosos Patrimonio Dominicano Patrimonio Dominicano En catalogación 26.08.2011 LF1   xxxx R426d, 1952 33399-10 25.06.2020 25.06.2020 No se presta Perteneció a la biblioteca personal de Martínez Boog

Con tecnología Koha